000 00253nam a2200097Ia 4500
001 643320
005 20250826153543.0
008 250824s9999 xx 000 0 und d
245 0 _aDELİRECEĞİM DE VAKİT BULAMIYORUM
_cMİNE SOTA
260 _bGENÇ TİMAŞ
999 _c643320
_d643320